CLASSROOM management & assessment

Guardat en:
Dades bibliogràfiques
Autor principal: edited by Slavin E. Robert
Format: Llibre
Idioma:anglès
Publicat: Corwin 2014
Etiquetes: Afegir etiqueta
Sense etiquetes, Sigues el primer a etiquetar aquest registre!

MARC

LEADER 00000nam a22000007a 4500
008 210121b ||||| |||| 00| 0 eng d
020 |a 978-1-4833-5120-9 
100 |a edited by Slavin E. Robert 
245 |a CLASSROOM management & assessment  |c edited by Robert E. Slavin.  |g xii: 143p; ill. 
250 |c edited by Robert E. Slavin 
260 |b  Corwin  |c 2014  |h Thousand Oaks, California  |i 692463   |i 692464  |l LB3013 .C56  |m Classroom management.  |m Educational tests and measurement – Case studies.  |m Academic achievement – United States. 
942 |a lcc  |c BK  |e YUNUSA, A.A.  |f 21/01/2021 
952 |0 0  |1 0  |2 lcc  |4 0  |7 0  |9 1363  |a HOL  |b ED  |c LP  |d 2021-01-21  |o LB3013 .C56  |p 2021-0168  |r 2021-01-21 00:00:00  |w 2021-01-21  |y BK 
952 |0 0  |1 0  |2 lcc  |4 0  |6 LB3013 C56  |7 0  |9 1364  |a HOL  |b HOL  |c LP  |d 2021-01-21  |o LB3013 .C56  |p 2021-0169  |r 2021-01-21 00:00:00  |w 2021-01-21  |y BK 
999 |c 709  |d 709